000 01179nam a2200289Ia 4500
003 OSt
005 20221005105909.0
006 a|||||r|||| 00| 0
007 ta
008 221004b |||||||| |||| 00| 0 kan d
020 _a8126005068 (hbk)
_c800
024 _a92032
037 _b524, 19/03/2009, Vani Prakashan
_cTextual
040 _aCRL
_cCRL
_bkan
041 _2kan
_akan
082 _aO33,3N28,AW, 152N9
100 _aपुणेकर, शंकर मोकाशी
245 0 _aअवधेश्वरी
246 _aAvadheshvarī
260 _aनई दिल्ली
_bसाहित्य अकादेमी भारत
_c1999
300 _a307पृ0
_ccm.
490 _aसाहित्य अकादेमी द्वारा पुरस्कृत कन्नड उपन्यास
650 _aकन्नड़ कहानी
700 _a आ×जनेय, सि., अनु.
_9623988
942 _hO33,3N28,AW, 152N9
_cTEXL
_2cc
999 _c1017228
_d1017228